00598cam a2200205 i 45000010008000000030006000080050017000140080041000310100017000720200024000890400018001130430012001310500019001430820013001621000020001752450086001952600055002813000021003366500035003574630081GBCCL20241126110445.0790625s1979 ilu 000 0 eng  a 78058742  a0842317600 :c$3.95 aDLCcDLCdDLC an-us---00aBR1642.U5bL4800a262bLEW1 aLewis, Gregory.10aIs God for sale? :bA provocative examination of today's church /cGregory Lewis. aWheaton, Ill. :bTyndale House Publishers,cc1979. a155 p. ;c21 cm. 0aEvangelicalismzUnited States.